Arrested Development Opening Quiz Stats

 Plays Quiz Updated May 26, 2012

Challenge
Share
Tweet
Embed
Score 0/27 Timer 02:00
4 Plays Today
% Correct
a
96.7%
the
92.7%
the
92.5%
family
91.8%
story
86.1%
Arrested
84.5%
Development.
84.2%
of
83.8%
who
80.1%
who
80.1%
to
78.3%
and
78.2%
son
75.2%
It's
70.1%
% Correct
one
67.5%
together.
67.4%
them
66.4%
no
65.9%
all
65.6%
keep
63.5%
Now
60.8%
lost
60.7%
everything,
60.1%
wealthy
57%
had
56.3%
but
53.4%
choice
51.1%

You're not logged in!

Compare scores with friends on all Sporcle quizzes.
OR
Log In

You Might Also Like...

Show Comments

Extras

Top Quizzes Today


Score Distribution

Your Account Isn't Verified!

In order to create a playlist on Sporcle, you need to verify the email address you used during registration. Go to your Sporcle Settings to finish the process.

Report this User

Report this user for behavior that violates our Community Guidelines.

Details: